[Event "Uppsala Young Champions op"]
[Site "Uppsala"]
[Date "2015.11.01"]
[Round "6"]
[White "Samuelsson, Niclas"]
[Black "Jappinen, Erland"]
[Result "1/2-1/2"]
[WhiteElo "1912"]
[BlackElo "1729"]
[PlyCount "77"]
[EventDate "2015.10.29"]
[EventType "swiss"]
[EventRounds "7"]
[EventCountry "SWE"]
[SourceTitle "CBM 169 Extra"]
[Source "ChessBase"]
[SourceDate "2015.12.18"]
[SourceVersion "1"]
[SourceVersionDate "2015.12.18"]
[SourceQuality "1"]

1. Nf3 d5 2. d4 Nf6 3. Bf4 Bf5 4. e3 e6 5. Be2 c6 6. 0-0 Bd6 7. Ne5 0-0 8. c4 dxc4 9. Bxc4 Nd5 10. Bg3 Qe7 11. Nd2 Nb6 12. Be2 f6 13. e4 fxe5 14. dxe5 Bc7 15. exf5 Rxf5 16. Bd3 Rf8 17. Ne4 N8d7 18. f4 Nd5 19. Ng5 Bb6+ 20. Kh1 h6 21. Qh5 Nxe5 22. fxe5 Qxg5 23. Qh3 Qe7 24. Bh4 Qd7 25. Qg4 Rxf1+ 26. Rxf1 Rf8 27. Bh7+ Kxh7 28. Rxf8 Ne3 29. Qe2 Nf5 30. Rxf5 exf5 31. e6 Qe8 32. Qe5 f4 33. e7 Be3 34. Be1 c5 35. Bc3 Bd4 36. Bxd4 cxd4 37. Qf5+ Kg8 38. Qe6+ Kh7 39. Qf5+ 1/2-1/2